| 000 | 006390000a22002050004500 | ||
|---|---|---|---|
| 999 |
_c54325 _d54325 |
||
| 001 | 768714001 | ||
| 003 | CO-MdFUSB | ||
| 005 | 20170823144503.0 | ||
| 008 | 170823s2002 xxu||||| |||| 00| 0 eng d | ||
| 022 | _a0120-3649 | ||
| 040 |
_aCO-MdFUSB _bspa _cCO-MdFUSB _dCO-MdFUSB |
||
| 041 | _aeng | ||
| 100 | 1 |
_aHerr, Denise Dick _eautor |
|
| 245 | 1 | 0 | _aA watermelon named Abimelech |
| 300 |
_aVolumen 28. Número 1 (2002), Páginas 34-37 _c28 cm. |
||
| 546 | _aTexto en inglés | ||
| 700 | 1 | _aBoyd, Mary Petrina | |
| 773 | 0 |
_tBiblical Archaeology Review _049395 _959464 _gVolumen 28. Número 1 (2002), Páginas 34-37 _qPágina 34 |
|
| 942 | _cANA | ||